[Event "Schwarzach op"]
[Site "Schwarzach"]
[Date "2005.08.??"]
[Round "3"]
[White "Moser, Eva"]
[Black "Klovans, Janis"]
[Result "1/2-1/2"]
[WhiteElo "2361"]
[BlackElo "2439"]
[PlyCount "81"]
[EventDate "2005.08.??"]
[EventType "swiss"]
[EventRounds "9"]
[EventCountry "AUT"]
[SourceTitle "EXT 2007"]
[Source "ChessBase"]
[SourceDate "2006.11.23"]
[SourceVersion "1"]
[SourceVersionDate "2006.11.23"]
[SourceQuality "1"]

1. e4 e5 2. Nf3 Nc6 3. c3 Nf6 4. d4 Nxe4 5. d5 Ne7 6. Nxe5 Ng6 7. Nxg6 hxg6 8.
Be3 Bd6 9. Nd2 Qe7 10. Qf3 Nxd2 11. Kxd2 Kf8 12. Re1 Qf6 13. Be2 Qxf3 14. Bxf3
b6 15. h4 Bb7 16. g3 f6 17. Bd4 Kf7 18. Re2 Rhe8 19. Rhe1 Rxe2+ 20. Rxe2 Rd8
21. Kc2 c5 22. dxc6 Bxc6 23. Be4 Bxe4+ 24. Rxe4 Bc7 25. a4 d5 26. Re1 Re8 27.
Rxe8 Kxe8 28. a5 Kd7 29. axb6 axb6 30. Kd3 Kc6 31. Be3 Bd6 32. g4 b5 33. f4 Bc7
34. f5 gxf5 35. gxf5 Bg3 36. h5 Be5 37. b4 Kd7 38. Bc5 Ke8 39. Bd4 Kf7 40. Ke3
Kg8 41. Kf3 1/2-1/2

[Event "Schwarzach op"]
[Site "Schwarzach"]
[Date "2005.08.??"]
[Round "2"]
[White "Blasl, Dietmar"]
[Black "Moser, Eva"]
[Result "0-1"]
[WhiteElo "2119"]
[BlackElo "2361"]
[PlyCount "100"]
[EventDate "2005.08.??"]
[EventType "swiss"]
[EventRounds "9"]
[EventCountry "AUT"]
[SourceTitle "EXT 2007"]
[Source "ChessBase"]
[SourceDate "2006.11.23"]
[SourceVersion "1"]
[SourceVersionDate "2006.11.23"]
[SourceQuality "1"]

1. e4 d6 2. d4 Nf6 3. Nc3 Nbd7 4. Nf3 e5 5. dxe5 dxe5 6. Bc4 Bc5 7. O-O O-O 8.
Qe2 c6 9. a4 a5 10. Bg5 h6 11. Bd2 Nh5 12. Bb3 Qf6 13. Ne1 Nf4 14. Qf3 Bd4 15.
Bc4 Nb6 16. Bb3 g5 17. Bxf4 exf4 18. Nd3 Nd7 19. Qh5 Ne5 20. Nxe5 Bxe5 21. Qe2
g4 22. f3 g3 23. Rfd1 Bd4+ 24. Rxd4 Qxd4+ 25. Kh1 Qe5 26. Rd1 Be6 27. Bxe6 fxe6
28. Rd7 Rf7 29. Qd2 Qh5 30. h3 Rxd7 31. Qxd7 Qe8 32. Qd6 e5 33. Qxh6 Qf7 34.
Kg1 Re8 35. Kf1 Qc4+ 36. Ke1 Qf7 37. b3 Qg7 38. Qd6 Qf7 39. Qc5 Qd7 40. Qc4+
Kg7 41. Qd3 Qe7 42. Nb1 Rd8 43. Qc3 Qd6 44. Nd2 Kf6 45. Kd1 b5 46. Ke2 Ke7 47.
axb5 cxb5 48. Qxa5 b4 49. Qd5 Qa6+ 50. Qc4 Qb6 0-1

[Event "Schwarzach op"]
[Site "Schwarzach"]
[Date "2005.08.??"]
[Round "1"]
[White "Moser, Eva"]
[Black "Pailli, Massimo"]
[Result "1-0"]
[WhiteElo "2361"]
[BlackElo "1994"]
[PlyCount "57"]
[EventDate "2005.08.??"]
[EventType "swiss"]
[EventRounds "9"]
[EventCountry "AUT"]
[SourceTitle "EXT 2007"]
[Source "ChessBase"]
[SourceDate "2006.11.23"]
[SourceVersion "1"]
[SourceVersionDate "2006.11.23"]
[SourceQuality "1"]

1. e4 c5 2. d3 Nc6 3. g3 g6 4. Bg2 Bg7 5. f4 d6 6. Nf3 e6 7. O-O Nge7 8. c3 O-O
9. Be3 b6 10. Na3 Bb7 11. d4 d5 12. e5 cxd4 13. cxd4 Nf5 14. Bf2 h5 15. h3 a6
16. Nc2 Qd7 17. g4 hxg4 18. hxg4 Nh6 19. Ne3 Ne7 20. g5 Nhf5 21. Ng4 Rfc8 22.
Nf6+ Bxf6 23. gxf6 Nc6 24. Qb3 Qe8 25. Bh3 Nh6 26. Ng5 Nd8 27. Bg4 Rc6 28. Qh3
Qf8 29. Kg2 1-0

[Event "Oberwart op 27th"]
[Site "Oberwart"]
[Date "2005.07.16"]
[Round "8"]
[White "Moser, Eva"]
[Black "Tscharotschkin, Michael"]
[Result "1-0"]
[WhiteElo "2354"]
[BlackElo "2243"]
[PlyCount "63"]
[EventDate "2005.07.09"]
[EventType "swiss"]
[EventRounds "9"]
[EventCountry "AUT"]
[SourceTitle "CBM 107 Extra"]
[Source "ChessBase"]
[SourceDate "2005.09.01"]
[SourceVersion "1"]
[SourceVersionDate "2005.09.01"]
[SourceQuality "1"]

1. g3 g6 2. Bg2 Bg7 3. e4 e5 4. Ne2 Ne7 5. d4 exd4 6. Nxd4 O-O 7. Nc3 Nbc6 8.
Nde2 d6 9. O-O Be6 10. h3 f5 11. Nf4 Bc4 12. Re1 Qd7 13. Ncd5 fxe4 14. Rxe4
Bxd5 15. Nxd5 Rae8 16. c3 Kh8 17. Nxe7 Rxe7 18. Rxe7 Qxe7 19. Be3 a6 20. Qb3
Na5 21. Qa4 b6 22. Re1 Qf7 23. Bf1 c5 24. Bxa6 Bh6 25. f4 g5 26. fxg5 Bxg5 27.
Qe4 Bxe3+ 28. Qxe3 Nc4 29. Bxc4 Qxc4 30. Qe7 Ra8 31. Qf6+ Kg8 32. Re7 1-0

[Event "Oberwart op 27th"]
[Site "Oberwart"]
[Date "2005.07.13"]
[Round "5"]
[White "Brod, Manfred"]
[Black "Moser, Eva"]
[Result "1-0"]
[WhiteElo "2252"]
[BlackElo "2354"]
[PlyCount "69"]
[EventDate "2005.07.09"]
[EventType "swiss"]
[EventRounds "9"]
[EventCountry "AUT"]
[SourceTitle "CBM 107 Extra"]
[Source "ChessBase"]
[SourceDate "2005.09.01"]
[SourceVersion "1"]
[SourceVersionDate "2005.09.01"]
[SourceQuality "1"]

1. e4 g6 2. d4 Bg7 3. Nc3 d6 4. Be3 a6 5. Be2 Nd7 6. f4 e6 7. Bf3 Ne7 8. Nge2
O-O 9. g4 f5 10. gxf5 exf5 11. e5 Nb6 12. b3 c6 13. h4 Be6 14. h5 Nbd5 15. Qd2
b5 16. O-O-O a5 17. hxg6 hxg6 18. Rdg1 Kf7 19. Bf2 Qd7 20. Bh4 Rh8 21. Qe1 Nxc3
22. Qxc3 Nd5 23. Qe1 dxe5 24. dxe5 Bf8 25. Qg3 Ba3+ 26. Kb1 Rag8 27. Rd1 Qa7
28. Bf6 Rxh1 29. Rxh1 Kf8 30. Rd1 Qe3 31. Rd3 Qc5 32. Nd4 Bf7 33. Qh4 Nc3+ 34.
Ka1 Nd5 35. e6 1-0

[Event "ROM-chT"]
[Site "Baile Tusnad"]
[Date "2005.05.29"]
[Round "9"]
[White "Zhukova, Natalia"]
[Black "Moser, Eva"]
[Result "1/2-1/2"]
[WhiteElo "2479"]
[BlackElo "2422"]
[PlyCount "23"]
[EventDate "2005.05.21"]
[EventType "team-tourn"]
[EventRounds "9"]
[EventCountry "ROU"]
[SourceTitle "CBM 106 Extra"]
[Source "ChessBase"]
[SourceDate "2005.07.01"]
[SourceVersion "1"]
[SourceVersionDate "2005.07.01"]
[SourceQuality "1"]

1. c4 d6 2. Nc3 e5 3. g3 g6 4. Bg2 Bg7 5. d3 Nc6 6. Nf3 Nge7 7. O-O O-O 8. Rb1
a5 9. a3 f5 10. Bd2 h6 11. b4 g5 12. b5 1/2-1/2

[Event "ROM-chT"]
[Site "Baile Tusnad"]
[Date "2005.05.28"]
[Round "8"]
[White "Moser, Eva"]
[Black "Maksimovic, Suzana"]
[Result "1/2-1/2"]
[WhiteElo "2422"]
[BlackElo "2231"]
[PlyCount "97"]
[EventDate "2005.05.21"]
[EventType "team-tourn"]
[EventRounds "9"]
[EventCountry "ROU"]
[SourceTitle "CBM 106 Extra"]
[Source "ChessBase"]
[SourceDate "2005.07.01"]
[SourceVersion "1"]
[SourceVersionDate "2005.07.01"]
[SourceQuality "1"]

1. g3 d5 2. Bg2 e5 3. d3 Nf6 4. Nf3 Bd6 5. O-O O-O 6. Nc3 c6 7. e4 dxe4 8. dxe4
Bg4 9. h3 Bxf3 10. Qxf3 Nbd7 11. Rd1 Qc7 12. h4 Nc5 13. h5 Be7 14. h6 g6 15.
Be3 Ne6 16. Bh3 Rad8 17. Bxe6 fxe6 18. Rxd8 Rxd8 19. a4 b6 20. Qe2 Bf8 21. Kg2
Qf7 22. Rd1 Rxd1 23. Qxd1 Qd7 24. Qf3 Ne8 25. Qe2 Nd6 26. Qd3 Qb7 27. Nd1 Nf7
28. Qd2 Qc7 29. f3 Qd6 30. Qxd6 Bxd6 31. Nf2 Kf8 32. Ng4 Be7 33. Bd2 Ke8 34.
Bc3 Bg5 35. Bxe5 Nxh6 36. Nf6+ Bxf6 37. Bxf6 Nf7 38. Kf2 Kd7 39. Bc3 c5 40. Ke3
a6 41. Bg7 e5 42. f4 Ke6 43. Kd3 g5 44. fxg5 Nxg5 45. b3 Kd6 46. Bf8+ Kc6 47.
Bg7 Kd6 48. Bf8+ Kc6 49. Bg7 1/2-1/2

[Event "ROM-chT"]
[Site "Baile Tusnad"]
[Date "2005.05.26"]
[Round "6"]
[White "Moser, Eva"]
[Black "Gaponenko, Inna"]
[Result "1/2-1/2"]
[WhiteElo "2422"]
[BlackElo "2482"]
[PlyCount "57"]
[EventDate "2005.05.21"]
[EventType "team-tourn"]
[EventRounds "9"]
[EventCountry "ROU"]
[SourceTitle "CBM 106 Extra"]
[Source "ChessBase"]
[SourceDate "2005.07.01"]
[SourceVersion "1"]
[SourceVersionDate "2005.07.01"]
[SourceQuality "1"]

1. e4 c5 2. g3 Nc6 3. Bg2 g6 4. d3 Bg7 5. f4 e6 6. Nf3 Nge7 7. O-O O-O 8. c3 d6
9. Be3 Re8 10. d4 cxd4 11. Nxd4 Nxd4 12. Bxd4 Bxd4+ 13. Qxd4 Nc6 14. Qd2 b5 15.
Kh1 Qc7 16. Na3 Rb8 17. Nc2 Ne7 18. Rae1 a5 19. a3 Rf8 20. Rd1 Rb6 21. c4 bxc4
22. Qxa5 Qb8 23. Ne3 Rxb2 24. Nxc4 Rb5 25. Qc3 Rc5 26. Qf6 Ba6 27. Qxe7 Bxc4
28. Rfe1 Rc6 29. Qf6 1/2-1/2

[Event "ROM-chT"]
[Site "Baile Tusnad"]
[Date "2005.05.25"]
[Round "5"]
[White "Voiska, Margarita"]
[Black "Moser, Eva"]
[Result "0-1"]
[WhiteElo "2340"]
[BlackElo "2422"]
[PlyCount "106"]
[EventDate "2005.05.21"]
[EventType "team-tourn"]
[EventRounds "9"]
[EventCountry "ROU"]
[SourceTitle "CBM 106 Extra"]
[Source "ChessBase"]
[SourceDate "2005.07.01"]
[SourceVersion "1"]
[SourceVersionDate "2005.07.01"]
[SourceQuality "1"]

1. c4 f5 2. Nc3 Nf6 3. g3 g6 4. Bg2 Bg7 5. d3 d6 6. e4 c6 7. Nge2 O-O 8. h3 e5
9. Be3 Be6 10. Qd2 Na6 11. exf5 gxf5 12. Bh6 Rf7 13. O-O Kh8 14. Bg5 Qc7 15.
Rac1 Rg8 16. Kh2 Qd7 17. Be3 Nc7 18. f4 b5 19. b3 a6 20. c5 Nfd5 21. Nxd5 Bxd5
22. cxd6 Bxg2 23. Kxg2 Qxd6 24. fxe5 Bxe5 25. Bf4 Nd5 26. Kh2 Nxf4 27. gxf4 Bf6
28. Rg1 Rfg7 29. Rxg7 Rxg7 30. Ng3 Rd7 31. Nh5 Bd4 32. Qg2 c5 33. Re1 Rd8 34.
Qe2 Qg6 35. Qf3 Rg8 36. Ng3 h6 37. Re2 Bg1+ 38. Kxg1 Qxg3+ 39. Qxg3 Rxg3+ 40.
Kh2 Rxd3 41. Re6 Rd2+ 42. Kg3 Rxa2 43. Rxh6+ Kg7 44. Rc6 Ra3 45. Kh4 Rxb3 46.
Rxa6 b4 47. Kg5 Rxh3 48. Ra7+ Kf8 49. Kxf5 c4 50. Ra4 Rh5+ 51. Kg6 Rb5 52. f5
Rb8 53. f6 b3 0-1

[Event "ROM-chT"]
[Site "Baile Tusnad"]
[Date "2005.05.23"]
[Round "3"]
[White "Moser, Eva"]
[Black "Cosma, Elena Luminita"]
[Result "1-0"]
[WhiteElo "2422"]
[BlackElo "2362"]
[PlyCount "115"]
[EventDate "2005.05.21"]
[EventType "team-tourn"]
[EventRounds "9"]
[EventCountry "ROU"]
[SourceTitle "CBM 106 Extra"]
[Source "ChessBase"]
[SourceDate "2005.07.01"]
[SourceVersion "1"]
[SourceVersionDate "2005.07.01"]
[SourceQuality "1"]

1. e4 e6 2. d4 d5 3. Nc3 Bb4 4. e5 c5 5. a3 Bxc3+ 6. bxc3 Qa5 7. Bd2 Qa4 8. Qb1
c4 9. Ne2 Nc6 10. g3 Nge7 11. Bg2 Bd7 12. O-O O-O-O 13. Qb2 Rde8 14. Rfb1 Nd8
15. Nf4 f6 16. exf6 gxf6 17. Nh5 Rhf8 18. Ng7 Nec6 19. Nxe8 Bxe8 20. Re1 Bg6
21. Ra2 Qa5 22. Qc1 Re8 23. Qd1 a6 24. h4 Rg8 25. Qf3 Bf5 26. Qf4 Nf7 27. Bf3
Qc7 28. Qxc7+ Kxc7 29. Bf4+ Kd7 30. a4 Nd6 31. Rb1 Nd8 32. Bg2 Ne4 33. Bxe4
Bxe4 34. Rab2 Kc8 35. Kf1 h5 36. Ke2 Bf5 37. Kd2 Rg7 38. Rb6 Rh7 39. Rc1 Nc6
40. Rbb1 Kd8 41. f3 Kc8 42. Rg1 Bg6 43. Be3 Ne7 44. Bf2 Nf5 45. Rb6 Bf7 46.
Rgb1 Bg8 47. g4 hxg4 48. fxg4 Nxh4 49. Bxh4 Rxh4 50. Rxb7 Bh7 51. Rb8+ Kc7 52.
R1b7+ Kc6 53. a5 Rh2+ 54. Ke1 Rh1+ 55. Kf2 Bxc2 56. Ra7 Rb1 57. Rxa6+ Kd7 58.
Rxb1 1-0

[Event "ROM-chT"]
[Site "Baile Tusnad"]
[Date "2005.05.21"]
[Round "1"]
[White "Moser, Eva"]
[Black "Peptan, Corina Isabela"]
[Result "1/2-1/2"]
[WhiteElo "2422"]
[BlackElo "2435"]
[PlyCount "130"]
[EventDate "2005.05.21"]
[EventType "team-tourn"]
[EventRounds "9"]
[EventCountry "ROU"]
[SourceTitle "CBM 106 Extra"]
[Source "ChessBase"]
[SourceDate "2005.07.01"]
[SourceVersion "1"]
[SourceVersionDate "2005.07.01"]
[SourceQuality "1"]

1. e4 c5 2. c3 d5 3. exd5 Qxd5 4. d4 Nf6 5. Nf3 e6 6. Na3 a6 7. Nc2 Nc6 8. Be2
cxd4 9. cxd4 Be7 10. O-O O-O 11. Bg5 b6 12. Ne3 Qd8 13. Bxf6 Bxf6 14. d5 exd5
15. Qxd5 Bb7 16. Rad1 Qe7 17. Qb3 b5 18. Rd2 Na5 19. Qd1 Rad8 20. Nf5 Qc7 21.
b3 Qf4 22. Ne3 Bxf3 23. Bxf3 Be5 24. g3 Rxd2 25. gxf4 Rxd1 26. Rxd1 Bxf4 27.
Nd5 Be5 28. Nb4 g6 29. Nxa6 Rc8 30. Rd5 Bf4 31. Rxb5 Rc3 32. Kg2 Nc6 33. Rc5
Rxc5 34. Nxc5 Nd4 35. Bd5 Kf8 36. Nd3 Bc7 37. b4 Ke7 38. a4 f6 39. a5 Kd6 40.
Bg8 h6 41. f4 Kc6 42. Bc4 g5 43. fxg5 fxg5 44. h3 Bd6 45. Kf2 h5 46. Bf7 g4 47.
Be8+ Kb7 48. hxg4 hxg4 49. b5 g3+ 50. Kg2 Nc2 51. Bc6+ Ka7 52. Nb2 Ne3+ 53. Kh3
Bb4 54. a6 Bd6 55. Na4 Nc4 56. Nc3 Ne5 57. Bb7 Nd3 58. Kg2 Nf4+ 59. Kf1 Bc5 60.
Na4 Bd4 61. Bf3 Nd3 62. Kg2 Bf2 63. Kf1 Bd4 64. Kg2 Nb2 65. Nxb2 Bxb2 1/2-1/2

[Event "Neckar op-A 9th"]
[Site "Deizisau"]
[Date "2005.03.28"]
[Round "9"]
[White "Kempinski, Robert"]
[Black "Moser, Eva"]
[Result "1-0"]
[WhiteElo "2624"]
[BlackElo "2438"]
[PlyCount "75"]
[EventDate "2005.03.24"]
[EventType "swiss"]
[EventRounds "9"]
[EventCountry "GER"]
[SourceTitle "CBM 105 Extra"]
[Source "ChessBase"]
[SourceDate "2005.05.01"]
[SourceVersion "1"]
[SourceVersionDate "2005.05.01"]
[SourceQuality "1"]

1. Nf3 Nf6 2. c4 g6 3. b4 Bg7 4. Bb2 O-O 5. e3 d6 6. Be2 e5 7. d3 c6 8. Nbd2 a5
9. a3 Re8 10. O-O Nbd7 11. Ne4 Qe7 12. Qb3 Nxe4 13. dxe4 Nf6 14. Qc2 Bg4 15.
Rfd1 Qc7 16. h3 Bxf3 17. Bxf3 Bf8 18. g3 Ra7 19. Bc3 axb4 20. axb4 Rea8 21. Qb2
Nd7 22. Rxa7 Rxa7 23. c5 dxc5 24. Bg4 Nb6 25. Bxe5 Nc4 26. Bxc7 Nxb2 27. Rd8 h5
28. Bd6 hxg4 29. Bxc5 Ra1+ 30. Kh2 b6 31. Bxf8 Rd1 32. Rc8 f6 33. Bc5+ Kf7 34.
Bd4 Nd3 35. Rxc6 Ne1 36. hxg4 Nf3+ 37. Kg2 Nxd4 38. Rd6 1-0

[Event "Neckar op-A 9th"]
[Site "Deizisau"]
[Date "2005.03.26"]
[Round "5"]
[White "Moser, Eva"]
[Black "Gurevich, Mikhail"]
[Result "0-1"]
[WhiteElo "2438"]
[BlackElo "2634"]
[PlyCount "106"]
[EventDate "2005.03.24"]
[EventType "swiss"]
[EventRounds "9"]
[EventCountry "GER"]
[SourceTitle "CBM 105 Extra"]
[Source "ChessBase"]
[SourceDate "2005.05.01"]
[SourceVersion "1"]
[SourceVersionDate "2005.05.01"]
[SourceQuality "1"]

1. e4 d6 2. d4 g6 3. Nc3 Bg7 4. Be3 a6 5. h3 b5 6. Bd3 Nd7 7. Nce2 c5 8. c3 Bb7
9. Nf3 Ngf6 10. Ng3 Qc7 11. O-O O-O 12. Qd2 Rfe8 13. Bh6 Kh8 14. h4 Bxh6 15.
Qxh6 Ng8 16. Qd2 e5 17. h5 exd4 18. cxd4 Qd8 19. Rfe1 cxd4 20. Nxd4 Ne5 21.
Rac1 Qf6 22. hxg6 fxg6 23. Bf1 Re7 24. Rc3 h5 25. Nf3 h4 26. Nxe5 Qxe5 27. Nh1
Nf6 28. f3 d5 29. Nf2 dxe4 30. fxe4 Kg7 31. Qc2 Rae8 32. Rc5 Qg3 33. e5 Nd7 34.
Rc3 Qf4 35. e6 Nf6 36. Rce3 Bd5 37. Nh3 Qd4 38. Ng5 Qf4 39. Nh3 Qg4 40. Nf2 Qd4
41. Bd3 Rxe6 42. Rxe6 Rxe6 43. Rxe6 Bxe6 44. Bxg6 Bxa2 45. Bf5 Qe5 46. Bh3 Bf7
47. Qd2 a5 48. Qxa5 Qxb2 49. Qc7 Nd5 50. Qc5 b4 51. Ng4 b3 52. Qc6 Qd2 53. Qd6
Qe1+ 0-1

[Event "AUT-chT 0405"]
[Site "Austria"]
[Date "2005.03.19"]
[Round "10"]
[White "Karner, Christoph"]
[Black "Moser, Eva"]
[Result "1-0"]
[WhiteElo "2370"]
[BlackElo "2438"]
[PlyCount "75"]
[EventDate "2004.11.19"]
[EventType "team-tourn"]
[EventRounds "11"]
[EventCountry "AUT"]
[SourceTitle "EXT 2006"]
[Source "ChessBase"]
[SourceDate "2005.11.24"]
[SourceVersion "1"]
[SourceVersionDate "2005.11.24"]
[SourceQuality "1"]
[WhiteTeam "Holz Dohr"]
[BlackTeam "Graz Styria"]
[WhiteTeamCountry "AUT"]
[BlackTeamCountry "AUT"]

1. d4 Nf6 2. Nf3 g6 3. c4 Bg7 4. Nc3 O-O 5. e4 c6 6. Bd3 d6 7. O-O Bg4 8. Be3
Nfd7 9. h3 Bxf3 10. Qxf3 c5 11. d5 Na6 12. Qe2 Nc7 13. f4 Rb8 14. Bf2 e6 15. a4
Re8 16. Qf3 a6 17. Bg3 exd5 18. cxd5 b5 19. axb5 axb5 20. e5 dxe5 21. f5 Rb6
22. Ne4 Nf6 23. fxg6 fxg6 24. d6 Rxd6 25. Nxd6 Qxd6 26. Bxb5 Nxb5 27. Qb3+ Qe6
28. Qxb5 e4 29. Ra6 Qd7 30. Qxc5 Qd3 31. Ra3 Bf8 32. Qc6 Bxa3 33. Rxf6 Rf8 34.
Qe6+ Kg7 35. Be5 Bc5+ 36. Kh2 Kh6 37. Rxf8 Bxf8 38. Qf6 1-0

[Event "AUT-chT 0405"]
[Site "Austria"]
[Date "2005.03.18"]
[Round "9"]
[White "Moser, Eva"]
[Black "Lendwai, Reinhard"]
[Result "0-1"]
[WhiteElo "2438"]
[BlackElo "2412"]
[PlyCount "50"]
[EventDate "2004.11.19"]
[EventType "team-tourn"]
[EventRounds "11"]
[EventCountry "AUT"]
[SourceTitle "EXT 2006"]
[Source "ChessBase"]
[SourceDate "2005.11.24"]
[SourceVersion "1"]
[SourceVersionDate "2005.11.24"]
[SourceQuality "1"]
[WhiteTeam "Graz Styria"]
[BlackTeam "Schwarzach"]
[WhiteTeamCountry "AUT"]
[BlackTeamCountry "AUT"]

1. e4 e5 2. Nf3 Nc6 3. Be2 Nf6 4. d3 Bc5 5. O-O d6 6. c3 a6 7. Nbd2 Ba7 8. Nc4
b5 9. Ne3 O-O 10. Qc2 Re8 11. Rd1 h6 12. a4 Bd7 13. Bd2 Ne7 14. axb5 axb5 15.
d4 Ng6 16. dxe5 dxe5 17. Nf5 Qc8 18. Be3 Bxe3 19. Nxe3 Bc6 20. Nd5 Nxd5 21.
Rxa8 Qxa8 22. exd5 Bxd5 23. Bxb5 Rb8 24. Qe2 Bxf3 25. gxf3 Nf4 0-1

[Event "AUT-chT 0405"]
[Site "Austria"]
[Date "2005.03.17"]
[Round "8"]
[White "Kilgus, Georg"]
[Black "Moser, Eva"]
[Result "1-0"]
[WhiteElo "2353"]
[BlackElo "2438"]
[PlyCount "125"]
[EventDate "2004.11.19"]
[EventType "team-tourn"]
[EventRounds "11"]
[EventCountry "AUT"]
[SourceTitle "EXT 2006"]
[Source "ChessBase"]
[SourceDate "2005.11.24"]
[SourceVersion "1"]
[SourceVersionDate "2005.11.24"]
[SourceQuality "1"]
[WhiteTeam "Tschaturanga"]
[BlackTeam "Graz Styria"]
[WhiteTeamCountry "AUT"]
[BlackTeamCountry "AUT"]

1. d4 d6 2. Nf3 Bg4 3. c4 Bxf3 4. exf3 c6 5. Nc3 g6 6. Be3 Bg7 7. f4 f5 8. f3
Nf6 9. Bd3 O-O 10. O-O Nbd7 11. Re1 Re8 12. Bf1 e6 13. Bf2 d5 14. c5 b6 15. Ne2
Qc7 16. Qc2 Rab8 17. Rab1 b5 18. b4 a5 19. a4 bxa4 20. Qxa4 axb4 21. Rxb4 Rxb4
22. Qxb4 Rb8 23. Qa3 Kf7 24. Ra1 Rb7 25. g3 Qb8 26. Nc1 Ne8 27. Nd3 Nc7 28.
Ne5+ Bxe5 29. fxe5 Nb5 30. Qe3 Kg7 31. Ra6 Qc8 32. Qg5 Kf7 33. Qh4 Nf8 34. Rb6
Na7 35. Ba6 Rxb6 36. Bxc8 Rb1+ 37. Kg2 Nxc8 38. Qd8 Ne7 39. g4 Rb2 40. Kf1 Rb1+
41. Kg2 g5 42. h4 f4 43. h5 Ra1 44. Qc7 Rb1 45. Qa7 Rc1 46. Qa3 Rb1 47. Qa2 Rc1
48. Qb2 Rd1 49. Qe2 Ra1 50. Be1 Nd7 51. Kf2 h6 52. Qb2 Ra7 53. Bc3 Kg7 54. Qd2
Nb8 55. Ba5 Nd7 56. Bd8 Nc8 57. Qc2 Nf8 58. Qb1 Rd7 59. Bf6+ Kf7 60. Qb8 Na7
61. Qa8 Nb5 62. Qxc6 Nxd4 63. Qa4 1-0

[Event "AUT-chT2M 0405"]
[Site "Austria"]
[Date "2005.03.06"]
[Round "9.2"]
[White "Moser, Eva"]
[Black "Ragger, Markus"]
[Result "0-1"]
[WhiteElo "2406"]
[BlackElo "2431"]
[PlyCount "64"]
[EventDate "2004.10.16"]
[EventType "team-tourn"]
[EventRounds "11"]
[EventCountry "AUT"]
[SourceTitle "EXT 2005"]
[Source "ChessBase"]
[SourceDate "2004.11.15"]
[SourceVersion "1"]
[SourceVersionDate "2004.11.15"]
[SourceQuality "1"]

1. Nf3 Nf6 2. g3 d5 3. Bg2 c6 4. O-O Bg4 5. b3 Nbd7 6. Bb2 e6 7. d3 Bd6 8. c4
O-O 9. Na3 h6 10. Nc2 e5 11. Nd2 a5 12. h3 Bh5 13. Ne3 d4 14. Nf5 Bc5 15. a3
Bg6 16. Nh4 Bh7 17. Qc2 Qe7 18. Rfe1 Rac8 19. Kh2 Nh5 20. Nhf3 f5 21. b4 axb4
22. axb4 Bxb4 23. e3 dxe3 24. Rxe3 Bd6 25. c5 Bb8 26. Nxe5 Nxe5 27. Qb3+ Kh8
28. Rae1 Qg5 29. Qxb7 f4 30. Rxe5 fxg3+ 31. fxg3 Bxe5 32. Bxe5 Qxd2 0-1

[Event "AUT-chT2M 0405"]
[Site "Austria"]
[Date "2005.03.05"]
[Round "8.2"]
[White "Mikac, Matjaz"]
[Black "Moser, Eva"]
[Result "1-0"]
[WhiteElo "2357"]
[BlackElo "2406"]
[PlyCount "71"]
[EventDate "2004.10.16"]
[EventType "team-tourn"]
[EventRounds "11"]
[EventCountry "AUT"]
[SourceTitle "EXT 2005"]
[Source "ChessBase"]
[SourceDate "2004.11.15"]
[SourceVersion "1"]
[SourceVersionDate "2004.11.15"]
[SourceQuality "1"]

1. e4 c5 2. c3 g6 3. d4 cxd4 4. cxd4 d5 5. Nc3 dxe4 6. Bc4 Nf6 7. Qb3 e6 8. d5
exd5 9. Nxd5 Bg7 10. Bg5 O-O 11. Rd1 Nbd7 12. Ne2 h6 13. Nxf6+ Bxf6 14. Bxh6
Qa5+ 15. Bd2 Qc7 16. Bb4 Ne5 17. Rc1 Rd8 18. O-O Nxc4 19. Rxc4 Qb6 20. Rxe4 Bf5
21. Re3 Be6 22. Qa3 Rd7 23. Bc3 Bc4 24. Bxf6 Qxf6 25. Qb4 Qa6 26. Re1 Rad8 27.
Nc3 Be6 28. Ne4 Rd4 29. Qe7 Rd1 30. h4 Rxe1+ 31. Rxe1 Qa5 32. b4 Qb6 33. h5
gxh5 34. Nf6+ Kh8 35. Nxh5 Qd4 36. Qg5 1-0

[Event "BL 0405 (Women)"]
[Site "Germany"]
[Date "2005.02.20"]
[Round "7.2"]
[White "Karlovich, Anastazia"]
[Black "Moser, Eva"]
[Result "1/2-1/2"]
[WhiteElo "2259"]
[BlackElo "2406"]
[PlyCount "82"]
[EventDate "2004.11.06"]
[EventType "team-tourn"]
[EventRounds "11"]
[EventCountry "GER"]
[SourceTitle "EXT 2006"]
[Source "ChessBase"]
[SourceDate "2005.11.24"]
[SourceVersion "1"]
[SourceVersionDate "2005.11.24"]
[SourceQuality "1"]
[WhiteTeam "Grosslehna (W)"]
[BlackTeam "Dresden SC (W)"]
[WhiteTeamCountry "GER"]
[BlackTeamCountry "GER"]

1. e4 d6 2. d4 Nf6 3. Nc3 Nbd7 4. g3 e5 5. Nge2 g6 6. Bg2 Bg7 7. h3 exd4 8.
Nxd4 O-O 9. O-O c6 10. Be3 Re8 11. Qd2 Nc5 12. f3 Qc7 13. Rad1 d5 14. Nde2 Qe7
15. e5 Nfd7 16. f4 Nb6 17. b3 f6 18. exf6 Qxe3+ 19. Qxe3 Rxe3 20. fxg7 Bf5 21.
Rd2 Rae8 22. g4 Bc8 23. Rf3 Kxg7 24. Rxe3 Rxe3 25. Nd1 Re8 26. Ng3 a5 27. Re2
Rxe2 28. Nxe2 h5 29. Ne3 hxg4 30. hxg4 a4 31. Nd4 Ne6 32. Nxe6+ Bxe6 33. c3 c5
34. f5 gxf5 35. gxf5 Bd7 36. bxa4 Nxa4 37. Bxd5 Nxc3 38. Bxb7 Kf8 39. Kf2 Nxa2
40. Be4 Nc3 41. Bc2 Ke7 1/2-1/2

[Event "BL 0405 (Women)"]
[Site "Germany"]
[Date "2005.02.19"]
[Round "6.2"]
[White "Moser, Eva"]
[Black "Ulms, Sandra"]
[Result "1-0"]
[WhiteElo "2406"]
[BlackElo "2157"]
[PlyCount "101"]
[EventDate "2004.11.06"]
[EventType "team-tourn"]
[EventRounds "11"]
[EventCountry "GER"]
[SourceTitle "EXT 2006"]
[Source "ChessBase"]
[SourceDate "2005.11.24"]
[SourceVersion "1"]
[SourceVersionDate "2005.11.24"]
[SourceQuality "1"]
[WhiteTeam "Dresden SC (W)"]
[BlackTeam "Leipzig Gohlis (W)"]
[WhiteTeamCountry "GER"]
[BlackTeamCountry "GER"]

1. e4 c5 2. d3 Nc6 3. g3 d5 4. Nd2 g6 5. Bg2 e6 6. f4 Nge7 7. Nh3 Bg7 8. O-O
O-O 9. Nf3 b6 10. e5 Ba6 11. Re1 Rc8 12. Nf2 Nf5 13. c3 Rc7 14. g4 Nh4 15. Nxh4
Qxh4 16. g5 h6 17. Re3 Qxf4 18. Rf3 Qh4 19. Rh3 Qxh3 20. Bxh3 h5 21. d4 cxd4
22. cxd4 Rfc8 23. Bf4 Na5 24. Bf1 Bxf1 25. Kxf1 Bf8 26. Rc1 Be7 27. Rxc7 Rxc7
28. Qd3 Kf8 29. Nd1 Nc4 30. Qb3 Na5 31. Qd3 Nc4 32. Qc3 Rc6 33. h4 Nxe5 34.
Bxe5 Rxc3 35. Nxc3 a6 36. Ke2 Ke8 37. Kd3 b5 38. Ne2 Bb4 39. Nc3 Be7 40. Nb1
Kd7 41. Nd2 Kc6 42. Nf3 Kd7 43. Bf4 Bb4 44. Kc2 Ke8 45. Kb3 Ba5 46. a4 bxa4+
47. Kxa4 Bb6 48. Be5 Kd7 49. Ne1 Kc6 50. Nd3 Bd8 51. Bf6 1-0